Southville International School and Colleges
Your cart is empty.
  • Cart
  • Lists
    Public lists Eva Luna New books Lux_list list_1
    Your lists Log in to create your own lists
  • Log in to your account
  • Your cookies
  • Search history
Southville International School and Colleges
  • Advanced search
  • Recent comments
  • Most popular
  • Libraries

Log in to your account

Log in with GOOGLE


If you do not have an external account, but do have a local account, you can still log in:

  1. Home
  2. MARC view: Number the stars /
Normal view MARC view ISBD view

Number the stars / (Record no. 287916)

[ view plain ]
MARC details
000 -LEADER
fixed length control field 00399nam a2200145Ia 4500
008 - FIXED-LENGTH DATA ELEMENTS--GENERAL INFORMATION
fixed length control field 150610s9999 xx 000 0 und d
020 ## - INTERNATIONAL STANDARD BOOK NUMBER
International Standard Book Number 0440403278 
050 ## - LIBRARY OF CONGRESS CALL NUMBER
Classification number PZ7
Item number .L921 1990 
100 ## - MAIN ENTRY--PERSONAL NAME
Personal name Lowry, Lois
245 ## - TITLE STATEMENT
Title Number the stars /
Statement of responsibility, etc Lois Lowry.
260 ## - PUBLICATION, DISTRIBUTION, ETC. (IMPRINT)
Place of publication, distribution, etc New York :
Name of publisher, distributor, etc Dell Publishing, 
Date of publication, distribution, etc 1990.
300 ## - PHYSICAL DESCRIPTION
Extent 137pages ;
Dimensions 20 cm.
520 ## - SUMMARY, ETC.
Summary, etc Fiction.
650 ## - SUBJECT ADDED ENTRY--TOPICAL TERM
Topical term or geographic name as entry element Denmark
General subdivision Fiction.
Holdings
Withdrawn status Lost status Damaged status Home library Current library Shelving location Date acquired Total Checkouts Full call number Barcode Date last seen Price effective from Koha item type
      Stonyhurst Southville International School (Batangas) Stonyhurst Southville International School (Batangas) High School Section 06/10/2015   PZ 7 .L921 1990  US-1550 06/10/2015 06/10/2015 Books

Number the stars /

APA

Lowry L., . (1990). Number the stars. New York: Dell Publishing.

Chicago

Lowry Lois, . 1990. Number the stars. New York: Dell Publishing.

Harvard

Lowry L., . (1990). Number the stars. New York: Dell Publishing.

MLA

Lowry Lois, . Number the stars. New York: Dell Publishing. 1990.

  • Place hold
  • Print
  • Cite
  • Add to your cart (remove)
  • Save record
    BIBTEX Dublin Core MARCXML MARC (non-Unicode/MARC-8) MARC (Unicode/UTF-8) MARC (Unicode/UTF-8, Standard) MODS (XML) RIS
  • More searches
    Search for this title in:
    Other Libraries (WorldCat) Other Databases (Google Scholar) Online Stores (Bookfinder.com) Open Library (openlibrary.org)

Exporting to Dublin Core...

SOUTHVILLE LIBRARY

Southville International School and Colleges Library

1281 Tropical Ave. Cor. Luxembourg St., BF Homes International, Las Pinas City

Tel. No. 8256374 / 252358 Loc. 117/146

Powered by Koha